LDR 01401nam a2200241 i 4500 001 000000029663 003 CaOOAMICUS 005 20260324145524.0 008 180830s1903 gw u000 u und u 040 $aSeMil$bita 245 14$aDie Heilige Schrift des Alten und Neuen Testamentes /$cmit dem Urtexte der Vulgata als 10. Auflage des Alliolischen Bibelwerkes herausgegeben von Augustin Arndt mit approbation des heiligen apostolischen Stuhles. 246 01$aBiblia Sacra Vulgatae Editionis Sixti V. Pontificis Maximi Jussu Recognita et Clementis 8. auctoritate edita nunc novissime ad exemplar vaticanum expressa [editio secunda, 1903] 260 $aRegensburg :$bPustet,$c1903. 300 $a3 v. ;$c26 cm. 650 4$aBibbia - Traduzioni tedesche.$0(OLS)http://semarc/subject/4778 700 1 $aArndt, Augustin
.$0(OLS)http://semarc/name/13530 774 0 $t1. Band.$g1$w()228586 774 0 $t2. Band.$g2$w()228587 774 0 $t3. Band.$g3$w()228588 996 $6245$aDie Heilige Schrift des Alten und Neuen Testamentes$9(OLS)http://semarc/title/40309 996 $6246$aBiblia Sacra Vulgatae Editionis Sixti V. Pontificis Maximi Jussu Recognita et Clementis 8. auctoritate edita nunc novissime ad exemplar vaticanum expressa [editio secunda, 1903]$9(OLS)http://semarc/title/40310 996 $6260$aRegensburg :$bPustet$9(OLS)http://semarc/publisher/31833